[Event "Mittelrhein Regionalliga 16/17"]
[Site "Nordrheinwestfalen"]
[Date "2017.04.30"]
[Round "11.8"]
[White "Vetter, Gerhard"]
[Black "Roemhild, Wolfgang"]
[Result "0-1"]
[WhiteElo "1465"]
[BlackElo "1594"]
[PlyCount "110"]
[EventDate "2016.09.11"]
[EventType "team-tourn"]
[EventRounds "11"]
[EventCountry "GER"]
[SourceTitle "EXT 2022"]
[Source "ChessBase"]
[SourceDate "2021.10.06"]
[SourceVersion "1"]
[SourceVersionDate "2021.10.06"]
[SourceQuality "1"]
[WhiteTeam "Koeln Lasker"]
[BlackTeam "Aachen SV II"]
[WhiteTeamCountry "GER"]
[BlackTeamCountry "GER"]

1. e4 e5 2. Nf3 Nc6 3. c3 d6 4. d4 Bd7 5. d5 Nce7 6. Qb3 Nf6 7. Bd3 Ng6 8. g3 Bg4 9. Nbd2 Nd7 10. Qc2 Be7 11. a3 Bxf3 12. Nxf3 0-0 13. Be3 c5 14. h4 Re8 15. Qd2 Ngf8 16. Bg5 f6 17. Be3 a6 18. c4 Rb8 19. a4 Qc7 20. h5 Bd8 21. Nh4 Re7 22. Nf5 Rf7 23. Rh4 Nb6 24. Rg4 Kh8 25. Ke2 Nc8 26. f4 Ne7 27. Nxe7 Qxe7 28. f5 Qe8 29. Rh1 b6 30. Kf3 Rbb7 31. Qh2 Rfc7 32. Rg6 h6 33. Rg4 Nh7 34. b3 Ng5+ 35. Bxg5 fxg5 36. Ke3 b5 37. axb5 axb5 38. Ra1 Rc8 39. Ra6 Be7 40. Ra3 bxc4 41. Bxc4 Rb4 42. Kd3 Rcb8 43. Kc3 Qd8 44. Qa2 Qe8 45. Qh2 Ra8 46. Rxa8 Qxa8 47. Qb2 Qe8 48. Qh2 Bd8 49. Kd3 Qd7 50. Qa2 Qb7 51. Kc3 Rxc4+ 52. Kxc4 Qb4+ 53. Kd3 Ba5 54. Ke2 Qe1+ 55. Kf3 Bd2 0-1

[Event "Maastricht Limburg op-C 6th"]
[Site "Maastricht"]
[Date "2012.05.28"]
[Round "7"]
[White "Chang, Hawkie"]
[Black "Roemhild, Wolfgang"]
[Result "1-0"]
[WhiteElo "1581"]
[BlackElo "1691"]
[PlyCount "49"]
[EventDate "2012.05.25"]
[EventType "swiss"]
[EventRounds "7"]
[EventCountry "NED"]
[SourceTitle "EXT 2013"]
[Source "ChessBase"]
[SourceDate "2012.11.22"]
[SourceVersion "1"]
[SourceVersionDate "2012.11.22"]
[SourceQuality "1"]

1. e4 e5 2. Nf3 Nc6 3. d4 exd4 4. Nxd4 d6 5. Nc3 Bd7 6. Be3 Nge7 7. Be2 Qc8 8. 0-0 Ng6 9. f4 Be7 10. Qd2 Bg4 11. Bxg4 Qxg4 12. Rf3 0-0 13. Raf1 Qd7 14. b3 Kh8 15. Rh3 Nxd4 16. Bxd4 c5 17. Bxg7+ Kxg7 18. f5 h5 19. fxg6 f6 20. Rf5 Rh8 21. Rfxh5 Rxh5 22. Rxh5 Kxg6 23. Qh6+ Kf7 24. Qh7+ Ke8 25. Qg6+ 1-0

[Event "Maastricht Limburg op-C 6th"]
[Site "Maastricht"]
[Date "2012.05.27"]
[Round "5"]
[White "Conte, Roberto"]
[Black "Roemhild, Wolfgang"]
[Result "0-1"]
[WhiteElo "1368"]
[BlackElo "1691"]
[PlyCount "64"]
[EventDate "2012.05.25"]
[EventType "swiss"]
[EventRounds "7"]
[EventCountry "NED"]
[SourceTitle "EXT 2013"]
[Source "ChessBase"]
[SourceDate "2012.11.22"]
[SourceVersion "1"]
[SourceVersionDate "2012.11.22"]
[SourceQuality "1"]

1. e4 e5 2. Nc3 Nc6 3. f4 d6 4. Nf3 f6 5. Bc4 Nge7 6. 0-0 Bg4 7. d3 Nd4 8. f5 c6 9. Ne2 Nxf3+ 10. gxf3 Qb6+ 11. Kh1 Bh3 12. Rg1 0-0-0 13. Be6+ Kc7 14. Rg3 Bxf5 15. exf5 g6 16. f4 gxf5 17. Be3 c5 18. Nc3 Qc6+ 19. Kg1 d5 20. fxe5 fxe5 21. Qe2 f4 22. Bxf4 exf4 23. Qe5+ Rd6 24. Rg5 Bh6 25. Qxh8 Rxe6 26. Re5 Rg6+ 27. Kf1 Re6 28. Nxd5+ Nxd5 29. Qxh7+ Kb6 30. Rxe6 Qxe6 31. Qe4 Qh3+ 32. Qg2 Ne3+ 0-1

[Event "Maastricht Limburg op-C 5th"]
[Site "Maastricht"]
[Date "2011.06.13"]
[Round "6"]
[White "Roemhild, Wolfgang"]
[Black "Van Velthoven, Paul"]
[Result "1-0"]
[WhiteElo "1696"]
[BlackElo "1524"]
[PlyCount "97"]
[EventDate "2011.06.10"]
[EventType "swiss"]
[EventRounds "7"]
[EventCountry "NED"]
[SourceTitle "EXT 2012"]
[Source "ChessBase"]
[SourceDate "2011.11.24"]
[SourceVersion "1"]
[SourceVersionDate "2011.11.24"]
[SourceQuality "1"]

1. e4 e5 2. d4 exd4 3. f4 Nf6 4. Bd3 Bb4+ 5. Nd2 d5 6. e5 Ne4 7. Ngf3 Bxd2+ 8. Bxd2 c5 9. 0-0 0-0 10. Re1 Bf5 11. Ng5 Nc6 12. Nxe4 dxe4 13. Bxe4 Bxe4 14. Rxe4 Qd5 15. Qf3 Rad8 16. a3 d3 17. c4 Qd7 18. Rd1 a6 19. Bc3 b5 20. f5 a5 21. Rh4 g6 22. Rxh7 Kxh7 23. Qh3+ Kg8 24. e6 fxe6 25. Qh8+ Kf7 26. fxe6+ Qxe6 27. Qg7+ Ke8 28. Re1 Qxe1+ 29. Bxe1 d2 30. Qxg6+ Kd7 31. Bxd2 b4 32. g3 Nd4 33. Kg2 Rde8 34. Bf4 Ne6 35. Qd3+ Nd4 36. Qd1 Kd8 37. axb4 axb4 38. Qa4 Re2+ 39. Kf1 Rfe8 40. Qa5+ Kd7 41. Qc7+ Ke6 42. Qxc5 Re4 43. Qd5+ Kf6 44. Qg5+ Kf7 45. Qh5+ Kf6 46. Qh6+ Kf7 47. Qh7+ Kf6 48. h4 Ne6 49. Qxe4 1-0

[Event "Maastricht Limburg op-C 5th"]
[Site "Maastricht"]
[Date "2011.06.11"]
[Round "3"]
[White "De Lange, Gerard"]
[Black "Roemhild, Wolfgang"]
[Result "0-1"]
[WhiteElo "1599"]
[BlackElo "1696"]
[PlyCount "82"]
[EventDate "2011.06.10"]
[EventType "swiss"]
[EventRounds "7"]
[EventCountry "NED"]
[SourceTitle "EXT 2012"]
[Source "ChessBase"]
[SourceDate "2011.11.24"]
[SourceVersion "1"]
[SourceVersionDate "2011.11.24"]
[SourceQuality "1"]

1. d4 g6 2. e4 Bg7 3. Nf3 d6 4. Be2 Nd7 5. Be3 b6 6. Nbd2 Bb7 7. c3 Ngf6 8. Qc2 Ng4 9. Bf4 e5 10. Bg3 Nh6 11. Rd1 Qe7 12. Bd3 0-0 13. 0-0 f5 14. h3 f4 15. Bh2 g5 16. dxe5 Bxe5 17. Nxe5 Nxe5 18. Be2 g4 19. hxg4 Nhxg4 20. f3 Ne3 21. Qb3+ Kh8 22. Rf2 Qh4 23. Qe6 Rg8 24. Rc1 Rae8 25. Qb3 Rg6 26. Nc4 N5xc4 27. Bxc4 Rh6 28. g4 fxg3 29. Re2 gxh2+ 30. Kh1 Qf4 31. Rf2 Bxe4 32. Be2 Bd5 33. c4 Ng4 34. Qc3+ Re5 35. Rg2 Ne3 36. cxd5 Nxg2 37. Qxc7 Rg6 38. Bd3 Ne1 39. Qc8+ Rg8 40. Qxg8+ Kxg8 41. Rc8+ Kf7 0-1

[Event "Maastricht Limburg op-C 4th"]
[Site "Maastricht"]
[Date "2010.05.21"]
[Round "1"]
[White "Roemhild, Wolfgang"]
[Black "Schoffelen, Jan"]
[Result "1-0"]
[WhiteElo "1675"]
[BlackElo "1367"]
[PlyCount "71"]
[EventDate "2010.05.21"]
[EventType "swiss"]
[EventRounds "7"]
[EventCountry "NED"]
[SourceTitle "EXT 2011"]
[Source "ChessBase"]
[SourceDate "2010.11.26"]
[SourceVersion "1"]
[SourceVersionDate "2010.11.26"]
[SourceQuality "1"]

1. e4 e5 2. d4 exd4 3. f4 Be7 4. Nf3 d6 5. Bd3 Bg4 6. 0-0 Nc6 7. a3 Qd7 8. b4 a6 9. Nbd2 b5 10. Nb3 Bf6 11. Bb2 Nge7 12. Qd2 Bxf3 13. Rxf3 Nc8 14. Re1 Nb6 15. e5 dxe5 16. Nc5 Qc8 17. Be4 0-0 18. Bxc6 Rb8 19. fxe5 Be7 20. Qxd4 Rd8 21. Qf4 Bxc5+ 22. bxc5 Rf8 23. cxb6 Qe6 24. bxc7 Rbc8 25. Rh3 Qxc6 26. Qg4 Qg6 27. Qd4 Rxc7 28. e6 fxe6 29. Rg3 Qf7 30. Qb6 g6 31. Rf3 Qd7 32. Rxf8+ Kxf8 33. Qe3 Kg8 34. Qe5 Kf7 35. Qf6+ Ke8 36. Rxe6+ 1-0